000 00990nam a22003377a 4500
001 BR8206942
003 BR-BrBNA
005 20230928091540.0
007 ta
008 230509b bl.||||| |||| 00| 0 por d
040 _aBR-BrBNA
_bpor
_cBiblioteca Nacional de Agricultura
041 _a(Por)
072 _aE70; E14
_b/G514
090 _ E70 BR8206942
100 1 _aGarcia, A.A.L.
100 1 _aFauth, E.M.
100 1 _aGrando, M.Z.
100 1 _aSantagada, S.
110 1 _aFundacao de Economia e Estatistica, Porto Alegre, RS (Brasil)
_94853
245 1 _aAnalise da politica de precos minimos para os produtos agricolas do Rio Grande do Sul
260 3 _aPorto Alegre, RS (Brasil):
_c1982.
300 _a128 p.
500 _aBibliography p. 125-128 (98 ref.)
650 _aPRODUTO AGRICOLA
650 _aPRECO MINIMO
650 _aPRECO MEDIO
650 _aCOMERCIALIZACAO
650 _aRIO GRANDE DO SUL
909 _a202309
_bLucia
_c55
_dLucia Elande
942 _cBK
999 _c34365
_d34365